000
00261nam a2200109Ia 4500
008
190216s9999||||xx |||||||||||||| ||und||
100
_a
Dr.Aboobacker K
245
0
_a
Sampathika Vyavasthithikal
260
_b
Bhasha Institute
650
_a
Malayalam
942
_c
BK
999
_c
40383
_d
40383